Flavio Josefo: el Judío de Roma

Guardado en:
Detalles Bibliográficos
Autor principal: Hadas-Lebel, Mireille (Autor)
Formato: Libro
Lenguaje:español
Publicado: Barcelona Herder 1994
Materias:
Etiquetas: Agregar Etiqueta
Sin Etiquetas, Sea el primero en etiquetar este registro!

MARC

LEADER 00000nam a2200000 a 4500
001 UCZ0403
003 CL-VaPUC
005 20210604001553.0
008 950728e19940000SP |||||||||||||||||spa|d
999 |c 237334  |d 237332 
040 |c Pontificia Universidad Católica de Valparaíso 
082 0 4 |a 928  |b HAD  |2 21 
100 0 |a Hadas-Lebel, Mireille  |e author  |9 343212 
245 1 0 |a Flavio Josefo: el Judío de Roma 
260 |a Barcelona  |b Herder  |c 1994 
300 |a 251 p 
583 |a last modification  |c 19950728 00:00:00  |k Rodrigo Vera 
600 |a Josefo, Flavio  |d 37-100  |9 858487 
650 0 |a Historia  |9 255047 
651 0 |a Roma   |9 255106 
852 |a BIBCUR 
942 |c BK  |2 ddc 
945 |d 19950728 00:00:00  |a rbrito 
952 |0 0  |1 0  |4 0  |6 928_000000000000000_HAD_1994  |7 0  |8 A  |9 246269  |a BIBHIS  |b BIBHIS  |d 2019-11-18  |i 3114619  |o 928 HAD 1994  |p 3114619  |r 2025-01-20  |w 2019-11-18  |y BK  |k HIS 
952 |0 0  |1 0  |4 0  |6 928_000000000000000_HAD_1994  |7 0  |8 A  |9 246270  |a BIBHIS  |b BIBHIS  |d 2019-11-18  |i 3214907  |o 928 HAD 1994  |p 3214907  |r 2025-01-20  |w 2019-11-18  |y BK  |k HIS